| 000 | 00538cam a22001457a 4500 | ||
|---|---|---|---|
| 999 |
_c508178 _d508178 |
||
| 008 | 180718b-- xxu||||| |||| 00| 0 eng d | ||
| 082 | _aL806x54 F/1982-83 | ||
| 245 | _aFinance accounts, Union Government, 1982-83 | ||
| 260 |
_aDelhi _bThe Controller of Publications _c1983 |
||
| 300 | _a485p. | ||
| 500 | _aLibrary has 1991/92-2003/04, 2005/06-2007/08, 2009/10 | ||
| 650 |
_aFinance, Public - Auditing - India _93306 |
||
| 700 |
_aIndia. Ministry of Finance. Department of Expenditure. Controller General of Accounts _93307 |
||
| 942 | _2ddc | ||